Managerial economics and business strategy

Guardado en:
Detalles Bibliográficos
Autor principal: Baye, Michael R.
Formato: Libro
Lenguaje:inglés
Publicado: New York McGraw-Hill 2010
Edición:7th ed.
Colección:The McGraw-Hill series economics
Materias:
Etiquetas: Agregar Etiqueta
Sin Etiquetas, Sea el primero en etiquetar este registro!

MARC

LEADER 00000nam a2200000 4500
001 0144993
005 20230109114643.8
020 |a 978-007-126744-1 
041 0 |a eng 
044 |a US 
245 1 0 |a Managerial economics and business strategy  |c Michael R. Baye 
250 |a 7th ed. 
264 1 |a New York  |b McGraw-Hill  |c 2010 
300 |a xxxii, 621 s. 
490 1 |a The McGraw-Hill series economics 
830 0 |a The McGraw-Hill series economics 
610 2 0 |a manažment 
610 2 0 |a ekonómia 
610 2 0 |a veda ekonomická 
610 2 0 |a stratégia podnikateľská 
610 2 0 |a ponuka 
610 2 0 |a dopyt 
610 2 0 |a analýza kvantitatívna 
610 2 0 |a produkcia 
610 2 0 |a konkurencieschopnosť 
610 2 0 |a monopoly 
610 2 0 |a oligopoly 
610 2 0 |a teória hier 
610 2 0 |a ceny 
100 1 |a Baye, Michael R.